LEADER 01294nam a2200241 i 4500 001 000000152097 003 CaOOAMICUS 005 20060724000000.0 008 060724s1907 it u000 u ita u 013 $a129438 040 $aSeMil$bita 100 1 $aToniolo, Giuseppe,$c.$0(OLS)http://semarc/name/2267 245 12$aL'Unione Popolare fra i cattolici d'Italia :$bragioni, scopi, incitamenti /$cG. Toniolo. 250 $a2. ed. 260 $aFirenze :$bUfficio Centrale dell'Unione popolare fra i cattolici d'Italia,$c1907. 300 $a87 p. ;$c22 cm. 500 $aIn appendice : Enciclica sull'azione sociale cattolica. Indirizzo del laicato cattolico. Parole dette nell'adunanza dei Delegati in Firenze il 24 febbraio 1906. Statuto dell'Unione popolare fra i Cattolici d'Italia e note relative. 650 4$aUnione Popolare fra i Cattolici.$0(OLS)http://semarc/subject/29668 850 $aSeMil 852 $aSeMil$W1$xVenegono$y1$m5D V 13/11$j104056$B104056$CSeMilBibl$Z2$F113113 $81 961 $aRecupero: Altro 996 $6245$aL'Unione Popolare fra i cattolici d'Italia :$bragioni, scopi, incitamenti$9(OLS)http://semarc/title/222321 996 $6260$aFirenze :$bUfficio Centrale dell'Unione popolare fra i cattolici d'Italia$9(OLS)http://semarc/publisher/35742 LEADER 01102nam a2200229 i 4500 001 000000337844 003 CaOOAMICUS 005 20191107145723.0 008 191107s1939 it u000 u ita u 013 $a198471 040 $aSeMil$bita 245 10$a8: Merope :$bLaudi del cielo del mare della terra e degli eroi, libro terzo /$cGabriele D'Annunzio. 260 $a[Gardone Riviera] :$bIl vittoriale degli italiani,$c1939. 300 $a155 p. ;$c21 cm. 700 1 $aD'Annunzio, Gabriele,$d<1863-1938>.$0(OLS)http://semarc/name/1300 773 0 $aD'Annunzio, Gabriele <1863-1938>$tOpere di Gabriele D'Annunzio.$d[Gardone Riviera] : Il vittoriale degli italiani, 1939-$w()28298 850 $aSeMil 852 $aSeMil$W1$xVenegono$y1$m1A VI 168$j218202$B230187$CSeMilBibl$Z2$F230187 $81 961 $aDono del dr. Guido Sagramoso 996 $6245$a8: Merope :$bLaudi del cielo del mare della terra e degli eroi, libro terzo$9(OLS)http://semarc/title/426781 996 $6260$a[Gardone Riviera] :$bIl vittoriale degli italiani$9(OLS)http://semarc/publisher/58665